Faculty of Law Library — Cairo University

Official Online Catalog

Explicații teoretice ale Codului de procedură penală român . (Record no. 72046)

MARC details
000 -LEADER
fixed length control field 01458nam a2200373 i 4500
003 - CONTROL NUMBER IDENTIFIER
control field EG-GICUC
005 - DATE AND TIME OF LATEST TRANSACTION
control field 20260425190938.0
008 - FIXED-LENGTH DATA ELEMENTS--GENERAL INFORMATION
fixed length control field 260419s1976 rm ||||fr|||| 00| 0 rom d
040 ## - CATALOGING SOURCE
Original cataloging agency EG-GiCUC
Language of cataloging rum
Transcribing agency EG-GiCUC
Modifying agency EG-GiCUC
Description conventions Rda
041 0# - LANGUAGE CODE
Language code of text/sound track or separate title rum
082 04 - DEWEY DECIMAL CLASSIFICATION NUMBER
Edition number 21
Classification number 343.315
Item number DO . E
092 04 - LOCALLY ASSIGNED DEWEY CALL NUMBER (OCLC)
Edition number 21
099 ## - LOCAL FREE-TEXT CALL NUMBER (OCLC)
Classification number Law1 10 343.315 DO . E 1976
100 1# - MAIN ENTRY--PERSONAL NAME
Personal name Dongoroz, Vintilă
Relator term Author.
245 10 - TITLE STATEMENT
Title Explicații teoretice ale Codului de procedură penală român .
Name of part/section of a work Partea specială.
Number of part/section of a work Vol. II /
Remainder of title de Vintilă Dongoroz
264 #1 - PRODUCTION, PUBLICATION, DISTRIBUTION, MANUFACTURE, AND COPYRIGHT NOTICE
Place of production, publication, distribution, manufacture București :
Name of producer, publisher, distributor, manufacturer Editura Academiei Republicii Socialiste România,
Date of production, publication, distribution, manufacture, or copyright notice 1976.
300 ## - PHYSICAL DESCRIPTION
Extent 438 page ;
Dimensions 24 cm.
336 ## - CONTENT TYPE
Source rda contenu
Content type term texte
337 ## - MEDIA TYPE
Source rda medias
Media type term Ordinateur
338 ## - CARRIER TYPE
Source transporteur rda
Carrier type term Ressource en ligne
500 ## - GENERAL NOTE
General note Published under the auspices of the Institute of Legal Research. Contains theoretical explanations of the special part of the Romanian Code of Criminal Procedure.
504 ## - BIBLIOGRAPHY, ETC. NOTE
Bibliography, etc. note Comprend des références bibliographiques et un index.<br/><br/>
546 ## - LANGUAGE NOTE
Language note Text in Romanian
650 14 - SUBJECT ADDED ENTRY--TOPICAL TERM
Topical term or geographic name entry element Procedură penală
Source of heading or term qrmak
651 1# - SUBJECT ADDED ENTRY--GEOGRAPHIC NAME
Source of heading or term qrmak
700 1# - ADDED ENTRY--PERSONAL NAME
Personal name Kahane, Siegfried
Relator term
700 1# - ADDED ENTRY--PERSONAL NAME
Personal name Antoniu, George
Relator term
700 1# - ADDED ENTRY--PERSONAL NAME
Personal name Bulai, Constantin
Relator term
700 1# - ADDED ENTRY--PERSONAL NAME
Personal name Iliescu, Nicoleta
Relator term
700 1# - ADDED ENTRY--PERSONAL NAME
Personal name Stănoiu, Rodica
Relator term
856 40 - ELECTRONIC LOCATION AND ACCESS
Uniform Resource Identifier <a href="https://fll.law.cu.edu.eg/fulltext/bks/B10-09134.pdf">https://fll.law.cu.edu.eg/fulltext/bks/B10-09134.pdf</a>
905 ## - Cataloger and Reviser Names
Cataloger Name: Habiba Yahya
942 ## - ADDED ENTRY ELEMENTS (KOHA)
Source of classification or shelving scheme Dewey Decimal Classification
Suppress in OPAC No
Koha item type Books
Edition 21
Holdings
Withdrawn status Lost status Source of classification or shelving scheme Materials specified (bound volume or other part) Damaged status Not for loan Collection Home library Current library Date acquired Total checkouts Full call number Barcode Date last seen Copy number Price effective from Koha item type
    Dewey Decimal Classification V2   Not for loan القانون الجنائي جــــامعة القــاهرة مكتبة كلية الحقوق - المبنى الرئيسي 19.04.2026   Law1 10 343.315 DO . E 1976 1009134 V2, C1 B10-09134 19.04.2026 1 19.04.2026 Books

© All rights reserved — Faculty of Law, Cairo University